Nhận diện kiến trúc phương tây đương đại

Zapisane w:
Opis bibliograficzny
1. autor: Đặng Thái Hoàng
Format: Książka
Język:Undetermined
Wydane: H. KHKT 2001
Hasła przedmiotowe:
Etykiety: Dodaj etykietę
Nie ma etykietki, Dołącz pierwszą etykiete!
Thư viện lưu trữ: Trung tâm Học liệu Trường Đại học Cần Thơ
LEADER 00538nam a2200193Ia 4500
001 CTU_52042
008 210402s9999 xx 000 0 und d
020 |b 40000 
082 |a 720.94 
082 |b H407 
100 |a Đặng Thái Hoàng 
245 0 |a Nhận diện kiến trúc phương tây đương đại 
245 0 |c Đặng Thái Hoàng 
260 |a H. 
260 |b KHKT 
260 |c 2001 
650 |a architecture 
650 |x western europe 
980 |a Trung tâm Học liệu Trường Đại học Cần Thơ